000 00636nam a2200205Ia 4500
005 20260601193258.0
008 260601s9999||||xx |||||||||||||| ||und||
020 _a978-3-031-68606-1
_qebk
100 _aAndrea Ceccarelli
245 0 _aComputer Safety, Reliability, and Security
250 _a2024
260 _aHeidelberg, Germany
_bSpringer Nature
_c2024
440 _aLecture Notes in Computer Science
650 _aComputer Science
700 _aAndrea Bondavalli
700 _aFriedemann Bitsch
700 _aMario Trapp
856 _uhttps://link.springer.com/openurl?genre=book&isbn=978-3-031-68606-1
942 _cEB
_2ddc
999 _c56920
_d56920